| 000 | 00000nam##2200000za#4500 |
| 001 | 9.614638 |
| 003 | CaOODSP |
| 005 | 20201209171637 |
| 007 | ta |
| 008 | 150406|1997||||xxc||||| f|0| 0 eng|d |
| 040 | |aCaOODSP|beng |
| 043 | |an-cn--- |
| 086 | 1 |aE100-2/1-97-1904-01E |
| 110 | 2 |aNAFTA Secretariat. |
| 245 | 10|aCertain concrete panels, reinforced with fiberglass mesh, originating in or exported from the United States of America and produced by or on behalf of Custom Building Products, its successors and assigns, for use or consumption in the province of British Columbia or Alberta |
| 260 | |aOttawa - Ontario : |bNAFTA Secretariat |c1997. |
| 300 | |a25p. ; |c28 cm. |
| 490 | 1 |aBinational Panel review pursuant to Article 1904 of the North American Free Trade Agreement |vCDA-97-1904-01 |
| 520 | 3 |aThis report is part of series on decisions related to disputes over the North American Free Trade Agreement (NAFTA) based on a binational panel review process. Chapter 19 of NAFTA provides for binational panel review of anti-dumping, countervailing duty, and injury final determinations. Panels may also review amendments made by either Canada, the United States, or Mexico to their anti-dumping or countervailing duty law. |
| 563 | |aSoftcover |
| 590 | |a98-46|b1998-11-13 |
| 690 | 07|aConstruction materials|2gcpds |
| 690 | 07|aImports|2gcpds |
| 775 | 08|tCertains panneaux de béton, renforcés d'un filet de fibre de verre, originaires ou exportés des États-Unis d'Amérique et produits par ou pour le compte de Custom Building Products, ses successeurs et ayant droit, qui sont utilisés ou consommés dans la province de la Colombie-Britannique ou dans la province de l'Alberta |w(CaOODSP)9.624933 |
| 830 | #0|aBinational Panel review pursuant to Article 1904 of the North American Free Trade Agreement ;|vCDA-97-1904-01|w(CaOODSP)9.514507 |
| 986 | |aArticle 1904 |